Pletár

Bibliographic Details
Format: Journal
Language:Slovak
PhysicalDescription:7 zv. 30 cm
Published: Martin ZS ROH 1949-1955
Banská Bystrica ZO KSS, ZS ROH, ZS ČSM a vedenie podniku Slovenka v Banskej Bystrici
Banská Bystrica
Subjects:

MARC

LEADER 00000cas a2200000 a 4500
001 vtls010301905
003 SK-MaSNL
005 20260228162555.0
008 150707d19491955xo sr|p 0 b0slo
040 |a SNK  |b slo  |c SNK  |e AACR2 
041 0 |a slo 
044 |a xo  |c SK 
072 7 |a 677  |x Textilný priemysel  |2 konspekt 
080 |a 677  |2 2001 
080 |a 050  |2 2001 
245 0 0 |a Pletár 
260 |a Martin  |b ZS ROH  |c 1949-1955 
260 2 |3 1951-1952  |a Banská Bystrica  |b ZS ROH 
260 3 |3 1953-1955  |a Banská Bystrica  |b ZO KSS, ZS ROH, ZS ČSM a vedenie podniku Slovenka v Banskej Bystrici 
300 |a 7 zv.  |c 30 cm 
310 |a 2x mesačne 
362 0 |a Roč. I, č. 1 (1949)-roč. VII, č. 9 (1955) 
500 |a Zmena podnázvu: od č. 3/1949 časopis zamestnancov národného podniku Slovenky v Turč. Sv. Martine, od č. 9/1949 časopis zamestnancov národného podniku Slovenka, od č. 1/1951 závodný časopis ZS ROH Slovenka 
500 |a Redaktori sa menia 
500 |a Tlač: od č. 1/1949 tlačou národného podniku Slovenka, Martin, od č. 1/1951 Stredoslov. tlačiarne, n. p., Banská Bystrica, od č. 1/1953 Pohronské tlačiarne, n. p., Banská Bystrica 
650 0 7 |a textilný priemysel  |2 SNKPH  |9 51332 
655 7 |a podnikové periodiká  |2 SNKPH  |9 132333 
910 |a snk 
916 |a 1949-1950, 1952-1955 
958 |a OND 
999 |c 8069  |d 9999 
952 |0 0  |1 0  |4 0  |7 0  |a SNK  |b SNK  |d 2015-07-07  |f 1  |i snk409/52  |l 0  |o snkČSB 567/1/1949  |p 17A0713297  |r 2026-02-21 19:34:47  |t č. 1-16  |w 2026-02-21  |y PREZ 
952 |0 0  |1 0  |4 0  |7 0  |a SNK  |b SNK  |d 2015-07-07  |f 1  |i snk860/51  |l 0  |o snkČSB 567/2/1950  |p 17A0713282  |r 2026-02-21 19:34:47  |t č. 1-9  |w 2026-02-21  |y PREZ 
952 |0 0  |1 0  |4 0  |7 0  |a SNK  |b SNK  |d 2015-07-07  |f 1  |i snk875/53  |l 0  |o snkČSB 567/4/1952  |p 17A0713396  |r 2026-02-21 19:34:54  |t č. 1-14  |w 2026-02-21  |y PREZ 
952 |0 0  |1 0  |4 0  |7 0  |a SNK  |b SNK  |d 2015-07-07  |f 1  |i snkII. 1740/55  |l 0  |o snkČSB 567/5/1953  |p 17A0713377  |r 2026-02-21 19:34:54  |t č. 1-15  |w 2026-02-21  |y PREZ 
952 |0 0  |1 0  |4 0  |7 0  |a SNK  |b SNK  |d 2015-07-07  |f 1  |i snkII. 1741/55  |l 0  |o snkČSB 567/6/1954  |p 17A0713360  |r 2026-02-21 19:34:54  |t č. 1-22  |w 2026-02-21  |y PREZ 
952 |0 0  |1 0  |4 0  |7 0  |a SNK  |b SNK  |d 2015-07-07  |f 1  |i snkČSP 487/56  |l 0  |o snkČSB 567/7/1955  |p 17A0713326  |r 2026-02-21 19:34:54  |t č. 1-9  |w 2026-02-21  |y PREZ 
952 |0 0  |1 0  |4 0  |7 0  |a SNK  |b SNK  |d 2015-10-15  |i snkXI. 1786/55  |l 0  |o snkČSB 567/2/1950 D1  |p 17A1079666  |r 2026-02-21 20:53:13  |t č. 1-10, neúplný  |w 2026-02-21  |y PREZ  |z chýba č. 10 
952 |0 0  |1 0  |4 0  |7 0  |8 5  |a SNK  |b SNK  |d 2015-10-15  |i snkČSF 658/56  |l 0  |o snkČSB 567/5/1953 D1  |p 17A1079676  |r 2026-02-21 20:53:13  |t č. 1-15, úplný  |w 2026-02-21  |y PREZ 
952 |0 0  |1 0  |4 0  |7 0  |a SNK  |b SNK  |d 2015-10-15  |i snkII. 1742/55  |l 0  |o snkČSB 567/6/1954 D1  |p 17A1079675  |r 2026-02-21 20:53:13  |t č.1-22,úpl.  |w 2026-02-21  |y PREZ 
952 |0 0  |1 0  |4 0  |7 0  |a SNK  |b SNK  |d 2015-10-15  |i snkČSP 488/56  |l 0  |o snkČSB 567/7/1955 D1  |p 17A1079674  |r 2026-02-21 20:53:13  |t č. 1-9, úpl.  |w 2026-02-21  |y PREZ